Name Red-Yellow-Blue Flag - Statistics

General Stats
  • This quiz has been taken 9 times
  • The average score is 11 of 12
Answer Stats
Picture Answer % Correct
Andorra
100%
Armenia
100%
Chad
100%
Colombia
100%
Moldova
100%
Romania
100%
Ecuador
88%
Liechtenstein
88%
Venezuela
88%
Cape-Verde
75%
Kiribati
75%
Niue
63%
No matching quizzes found
Score Distribution
Percent of People with Each Score
Percentile by Number Answered
Your Score History
You have not taken this quiz